| 000 | 00786cam a2200241 a 4500 | ||
|---|---|---|---|
| 001 | 0000004882 | ||
| 005 | 20170406120158.0 | ||
| 008 | 850806s1984 ru a b 000 0 eng | ||
| 010 | _a 85117405 | ||
| 035 | _9(DLC) 85117405 | ||
| 040 |
_aDLC _cDLC _dDLC |
||
| 050 | 0 | 0 |
_aQD411.5 _b.A38 1984 |
| 082 | 0 | 0 |
_a547/.05 _219 |
| 245 | 0 | 0 |
_aAdvances in organometallic chemistry / _cedited by O.A. Reutov. |
| 260 |
_aMoscow : _bMir Publishers, _c1984. |
||
| 300 |
_a261 p. : _bill. ; _c23 cm. |
||
| 440 | 0 |
_aAdvances in science and technology in the USSR. _pChemistry Series |
|
| 504 | _aIncludes bibliographies. | ||
| 650 | 0 | _aOrganometallic chemistry. | |
| 700 | 1 |
_aReutov, O. A. _q(Oleg Aleksandrovich), _d1920-. |
|
| 908 | _a141125 | ||
| 999 |
_c4692 _d4692 |
||